|
|
|
|
| LEADER |
01602cas a2200241 a 4500 |
| 001 |
AALejournalIMF001283 |
| 008 |
230101c9999 xx r poo 0 0eng d |
| 020 |
|
|
|c 5.00 USD
|
| 020 |
|
|
|z 9781451803716
|
| 022 |
|
|
|a 1934-7685
|
| 040 |
|
|
|a BD-DhAAL
|c BD-DhAAL
|
| 110 |
2 |
|
|a International Monetary Fund.
|
| 245 |
1 |
0 |
|a Burkina Faso :
|b Recent Economic Developments.
|
| 264 |
|
1 |
|a Washington, D.C. :
|b International Monetary Fund,
|c 2000.
|
| 300 |
|
|
|a 1 online resource (76 pages)
|
| 490 |
1 |
|
|a IMF Staff Country Reports
|
| 500 |
|
|
|a <strong>Off-Campus Access:</strong> No User ID or Password Required
|
| 500 |
|
|
|a <strong>On-Campus Access:</strong> No User ID or Password Required
|
| 506 |
|
|
|a Electronic access restricted to authorized BRAC University faculty, staff and students
|
| 520 |
3 |
|
|a During most of the 1980s, Burkina Faso followed a development strategy based on central planning and pervasive controls that resulted in large macroeconomic imbalances. The consumer price index in Burkina Faso is influenced not only by the supply of domestically produced foodstuff, mainly cereals, but also by the fixed exchange rate regime. Monetary policy is conducted within the framework of the West African Economic and Monetary Union. The reform strategy has revived the cotton sector. Both transportation and labor costs have been reduced for the cotton sector.
|
| 538 |
|
|
|a Mode of access: Internet
|
| 830 |
|
0 |
|a IMF Staff Country Reports; Country Report ;
|v No. 2000/103
|
| 856 |
4 |
0 |
|z Full text available on IMF
|u http://elibrary.imf.org/view/journals/002/2000/103/002.2000.issue-103-en.xml
|z IMF e-Library
|